Quizzes
Events
Quiz Creation
Community
Videos
Private Events
Remove Ads
Sign In
Join for FREE
Feedback
Dark Mode
Quiz Categories
Sports
Geography
Music
Movies
Television
Just For Fun
Miscellaneous
History
Literature
Language
Science
Gaming
Entertainment
Religion
Holiday
For Kids
Quiz Lab
Recent
Popular Today
Quiz Kudos Today
Editor Picks
Curator Picks
Quizzes by...
Day
Popularity
Type
Ratings
Length
Year
Community
Subscriptions
Recent Discussions
Orange Saloon
Badges
Playlists
Quests
Create
Leaderboards
Showdown
Live 5
Trivia Bingo
Activity
Puzzle Library
Sporcle Events
Private Events
Virtual Trivia
Globe League
Become a Host
Pub Owners
SporcleCon
Opinionation
Our Games
Videos
Blog
Mobile Apps
Partnerships
Remove Ads and Go Orange
Feedback
Music
Pop Music
The Beatles
Song
Album
Lyrics
Bands
Singers
Artist
Clip
Rock
Rap
Classical
Billboard
Country Music
Kpop
Taylor Swift
Music
Pop Music
The Beatles
Song
Album
Lyrics
Bands
Singers
Artist
Clip
Rock
Rap
Classical
Billboard
Country Music
Kpop
Taylor Swift
Random Quiz
Search Sporcle
×
Quiz Lab
Quiz Lab
Music
Rock
Type in answers that appear in a list
Type in answers that appear in a list
Classic
Best Score? Go Orange.
Bruce Springsteen Singles Stats
Can you name the singles released by Bruce Springsteen with and without the E-Street Band?
By
leviper
15m
68 Questions
160 Plays
160 Plays
160 Plays
Comments
Comments
Give Quiz Kudos
Give Quiz Kudos
-
- Ratings
hide this ad
More Info
Replay
Link that replays current quiz
Next Quiz
Link to next quiz in quiz playlist
You Got
0%
They Got
Avg Score
58%
Avg Friend Score
Upgrade to see
Score Distribution
Jump to the score distribution portion of the page
Score
0/68
Timer
15:00
0
Plays Today
% Correct
Born to Run (Live)
99.4%
Born to Run
99.4%
Born in the U.S.A.
93.1%
The River
91.3%
Dancing in the Dark
91.3%
The Rising
88.8%
Human Touch
88.1%
Streets of Philadelphia
88.1%
Hungry Heart
87.5%
Glory Days
87.5%
Hungry Heart '95
87.5%
Tunnel of Love
86.3%
Badlands
83.1%
Atlantic City
81.9%
The Ghost of Tom Joad
81.3%
Rosalita (Come Out Tonight)
80%
My Hometown
79.4%
Lucky Town
79.4%
Lucky Town (Live)
79.4%
I'm on Fire
78.1%
Brilliant Disguise
77.5%
Blinded by the Light
75.6%
Working on a Dream
74.4%
Devils & Dust
73.8%
Tenth Avenue Freeze-Out
73.1%
Cover Me
72.5%
Secret Garden
70%
Secret Garden (Re-release)
70%
The Promised Land
65%
I'm Goin' Down
63.8%
4th of July, Asbury Park (Sandy)
62.5%
Wrecking Ball (Live)
61.9%
Prove It All Night
60%
Radio Nowhere
60%
% Correct
Spirit in the Night
59.4%
Dead Man Walkin'
57.5%
Murder Incorporated
55%
Cadillac Ranch
53.1%
One Step Up
53.1%
Lonesome Day
53.1%
War
52.5%
Fire
52.5%
The Ties that Bind
50%
Better Days
50%
Sherry Darling
49.4%
57 Channels (And Nothin' On)
49.4%
Girls in Their Summer Clothes
49.4%
Fade Away
48.1%
We Take Care of Our Own
47.5%
Tougher Than the Rest
46.9%
Waitin' on a Sunny Day
46.3%
The Wrestler
42.5%
Point Blank
40.6%
Spare Parts
39.4%
Santa Claus is Comin' to Town
36.3%
Open All Night
34.4%
I Wanna Marry You
33.8%
If I Should Fall Behind
33.1%
My Lucky Day
28.8%
Rocky Ground
25.6%
Save My Love
22.5%
Leap of Faith
21.9%
Missing
16.3%
Sad Eyes
15%
What Love Can Do
13.1%
All the Way Home
8.1%
Dream Baby Dream
7.5%
I Wanna Be with You
6.3%
Quiz Playlist
Details
Report
Send in Message
Add To Playlist
More Info:
The number next to the single represents its peak on the Hot 100.
Classic:
Type in answers that appear in a list
Quiz Source
Last Updated: Feb 16, 2017
Quiz Scoreboard
CHALLENGE
Sign Up to Join the Scoreboard
Show All
Scores
Hide
Comments
May contain spoilers
Recently Published
Billboard Blitz: Fleetwood Mac
by CooCooCachoo
Music
15s
Presidents Visiting Landmarks
by Hejman
History
7m
An Introduction to Baseball
by treessimontrees
Sports
5m
More to Explore
Quiz From the Vault
Featured Blog Post
Where Did the Easter Bunny Come From?
hide this ad
You Might Also Like...
Tags
Rock Quiz
Bruce Springsteen
Single
Singles Chart
Today's Top Quizzes in Music
Browse Music
hide this ad
Today's Top Quizzes in Rock
Browse Rock
Top Contributed Quizzes in Music
1
Taylor Swift All Songs (2024)
2
Guess the Artist- 70s Songs
3
7-to-1: Billboard Hot 100 #1 Hits of 2010s
4
Sorting Albums and Songs
5
Taylor Swift Logic Puzzle
6
One Thing in Common: Music
7
2010s Album by Cover III
8
KPOP LOGIC QUIZ
9
Guess the Taylor Swift song (Mystery Song)
10
Guess the Artist- 80s Songs
Explore More
Trending Topics
Marvel
Kpop
Anime
Crossword
Disney
NBA
Harry Potter
Soccer
NFL
WWE
Country
Song
The Office
Puzzle
Pokémon
hide this ad
More By:
leviper
Quiz
Plays
Rating
Category
Featured
Created
Multiple US #1s (1980-1989)
78,086
4.65
Music
Nov 27, 2009
Biographical Oscar Winners
33,903
4.50
Movies
Mar 6, 2011
3+ #1s on One Album
30,394
3.69
Music
Jul 28, 2010
Time Person of the Year per Letter
28,830
3.65
History
Mar 28, 2011
Grammy Nominees (2012)
16,057
4.44
Music
Dec 6, 2012
Go to Creator's Profile
Score Distribution
Quiz Creator Spotlight
leviper
Follow
Send a Message
Quizzes Created
-
Created Quiz Play Count
-
More By This Creator
Popular Quizzes Today
1
Find the US States - No Outlines Minefield
2
Find the Countries of Europe - No Outlines Minefield
3
The Countries of the World
4
Find the US States
5
Popular People in 1961
6
US States
7
Risky Map Clicking: Biggest States A-Z
8
Movies - When Are They Set?
More Music Quizzes
Album Cover Outtakes
Curator's Pick
Trending Quizzes
Risky Map Clicking: Least Populous States A-Z
1-10 Letter G Words
1-10 Letter F Words
Risky Map Clicking: Next State Alphabetically
'A' Boys' Names Grid
Recently Updated
Leaping Animals
pecheneg
Reality TV Shows (A-Z)
bhenderson79
Rickey Henderson's Hall of Fame Teammates
pecheneg
Champions League XIs: Arsenal
pecheneg
Quick Pick: Celebrities in WWE's Hall of Fame
aduchscher
A-Z Keypad Blitz II
pecheneg
Multiple Oscar Actors
pecheneg
Mystery Phrase Blitz: Oscar 'Best Actors'
pecheneg
F. Scott Fitzgerald Novels
LTH
Pick 3 Villains
ddd62291
Trending Topics
Anime
Kpop
Marvel
Disney
Harry Potter
Crossword
NBA
Puzzle
Soccer
NFL
The Office
Song
WWE
Country
Pokémon
Your Account Isn't Verified!
In order to create a playlist on Sporcle, you need to verify the email address you used during registration. Go to your
Sporcle Settings
to finish the process.
Report this User
Report this user for behavior that violates our
Community Guidelines
.
Details:
Send Report
Go to the Sporcle.com Mobile Site →
Comments